000 00416nam a2200169Ia 4500
001 11266
008 140331s9999 xx 000 0 und d
020 _a0-8053-9366-8
040 _cPK-LaUMT
082 _a 610.73
_bWIL-N
100 _aWilkinson, Judith M.
245 _aNursing process : A critical thinking approach
_cWilkinson, Judith M.
260 _c1996
300 _a420 p.
546 _aEN
942 _cBK
999 _c12162
_d12162